Statistics for Coke Products

Click here to take the quiz!

General Stats

  • This quiz has been taken 104 times
  • The average score is 6 of 25

Answer Stats

HintAnswer% Correct
SodaCoke
96%
SodaDiet Coke
74%
SodaSprite
73%
SodaFanta
66%
SodaCoke Zero
55%
Sports DrinkPowerade
38%
WaterDasani
32%
Energy DrinkMonster Energy
30%
JuiceMinute Maid
22%
SodaDiet Sprite
19%
SodaMello Yello
18%
SodaSprite Zero
17%
SodaBarqs
14%
SodaPibb Xtra
14%
SodaFanta Zero
9%
SodaFresca
6%
JuiceFUZE
5%
Sports DrinkPowerade Zero
5%
TeaGold Peak
4%
TeaHonest Tea
4%
Energy DrinkNOS
3%
TeaFUZE TEA
1%
SmoothieOdwalla
1%
JuiceSimply Orange
0%
Flavored WaterZico
0%

Score Distribution

Percentile by Number Answered

Percent of People with Each Score

Your Score History

You have not taken this quiz